Care : (Record no. 8789)
[ view plain ]
| 000 -LEADER | |
|---|---|
| fixed length control field | 00513nam a22002057a 4500 |
| 003 - CONTROL NUMBER IDENTIFIER | |
| control field | OSt |
| 005 - DATE AND TIME OF LATEST TRANSACTION | |
| control field | 20240625104005.0 |
| 008 - FIXED-LENGTH DATA ELEMENTS--GENERAL INFORMATION | |
| fixed length control field | 240625b |||||||| |||| 00| 0 eng d |
| 020 ## - INTERNATIONAL STANDARD BOOK NUMBER | |
| International Standard Book Number | 0435456423 |
| 040 ## - CATALOGING SOURCE | |
| Transcribing agency | must |
| 082 ## - DEWEY DECIMAL CLASSIFICATION NUMBER | |
| Classification number | WA 525 N721c 2001 |
| 100 ## - MAIN ENTRY--PERSONAL NAME | |
| Personal name | Nolan,Yvonne |
| 9 (RLIN) | 11776 |
| 245 ## - TITLE STATEMENT | |
| Title | Care : |
| Remainder of title | S/NVQ/ |
| Statement of responsibility, etc. | Yvonne Nolan |
| 260 ## - PUBLICATION, DISTRIBUTION, ETC. (IMPRINT) | |
| Place of publication, distribution, etc. | Uk: |
| Name of publisher, distributor, etc. | Heinemann; |
| Date of publication, distribution, etc. | 2001 |
| 300 ## - PHYSICAL DESCRIPTION | |
| Extent | 412p.: |
| Other physical details | ill; |
| Dimensions | 26cm. |
| 440 ## - SERIES STATEMENT/ADDED ENTRY--TITLE | |
| Title | candidate handbook |
| 9 (RLIN) | 17759 |
| 504 ## - BIBLIOGRAPHY, ETC. NOTE | |
| Bibliography, etc | Includes index |
| 600 ## - SUBJECT ADDED ENTRY--PERSONAL NAME | |
| Source of heading or term | Nursing |
| 942 ## - ADDED ENTRY ELEMENTS (KOHA) | |
| Source of classification or shelving scheme | Other/Generic Classification Scheme |
| Koha item type | Open Shelf |
| Withdrawn status | Lost status | Source of classification or shelving scheme | Damaged status | Not for loan | Home library | Current library | Date acquired | Inventory number | Total Checkouts | Full call number | Barcode | Date last seen | Price effective from | Koha item type |
|---|---|---|---|---|---|---|---|---|---|---|---|---|---|---|
| Other/Generic Classification Scheme | MUST Main Library | MUST Main Library | 25/06/2024 | 06/27464 | WA 525 N721c 2001 | 2024-21168 | 25/06/2024 | 25/06/2024 | Open Shelf |
